000 00292nam a22001337a 4500
008 171218b xxu||||| |||| 00| 0 eng d
020 _a0316923958
041 _aeng
080 _a61
100 _a3
101 _aSHM
245 _aMANUAL OF MEDICAL THERAPEUTICS
_cLOUIS,S
942 _2udc
_cBK
999 _c39081
_d39081